000 00803nam a2200253 i 4500
001 183264
003 ES-MaACL
005 20230906221841.0
007 t|
008 140204s1943 sp r ||||1| spa d
080 _a54(076)
100 1 _aNylen, Paul.
_986264
245 1 0 _aTratado de estequiometría /
_cP. Nylén y N. Wigren ; traducción española de Casimiro Busquets.
250 _a[1ª ed.].
260 _aBarcelona :
_bArs,
_c1943.
300 _aVIII, 248 p. ;
_c18 cm.
490 1 _aMonografías de química general y aplicada ;
_v2
650 4 _aEstequiometría.
_9154363
700 1 _aWigren, Nils.
_9116796
700 1 _aBusquets, Casimiro.
_932836
830 0 _aMonografías de química general y aplicada ;
_v2
_9191894
852 _aES-MaACL
_jE-3650
999 _c183264
_d183264